000 01077nam a2200229 a 4500
001 78887
003 BD-RjUL
005 20211209083203.0
008 211124s2014 ||||| |||| 00| 0 ben d
020 _a9789840416615
_c: Tk. 250.00
035 _a(BD-RjUL)79114
040 _aBD-RjUL
_beng
_cBD-RjUL
041 _aben
082 _223
_a954.9205092
_bAKO 2014
245 0 0 _aএকবিংশ শতাব্দীতে শেখ মুজিবের প্রাসঙ্গিকতা /
_cমোনায়েম সরকার সম্পাদিত
260 _aঢাকা :
_bবাংলাদেশ ফাউন্ডেশন ফর ডেভেলপমেন্ট রিসার্চ ও আগামী প্রকাশনী,
_c২০১৪
300 _a১১৯ পৃ.;
_c২২ সেমি.
600 _aমুজিবুর রহমান,
_cশেখ,
_d১৯২০-১৯৭৫
_9250538
600 _aMujibur Rahman,
_cSheikh,
_d1920-1975
_9250539
700 _aসরকার, মোনায়েম
_9250540
942 _2ddc
_cBK
999 _c78887
_d78887